| 000 | 00513nam a22001817a 4500 | ||
|---|---|---|---|
| 003 | CEME | ||
| 005 | 20210628205722.0 | ||
| 008 | 210316b xxu||||| |||| 00| 0 eng d | ||
| 020 | _a0-7923-9822-X | ||
| 040 | _c. | ||
| 082 | _a32636 TOH | ||
| 100 |
_aToh, C. K _958455 |
||
| 245 | _aWireless atm and ad-hoc networks protocols and architectures | ||
| 260 |
_aBOSTON _bKLUWER ACADEMIC _c1997 |
||
| 300 | _a313P | ||
| 650 |
_aNETWORKS PROTOCOLS AND ARCHITECTURES NETWORKS-WIRELESS ATM _976805 |
||
| 942 |
_cBK _2ddc |
||
| 999 |
_c582131 _d582131 |
||